[Event "HUN-chT2 Barcza 1819"]
[Site "Hungary"]
[Date "2019.01.27"]
[Round "6.4"]
[White "Csatlos, Bela"]
[Black "Bartha, Gabor"]
[Result "1-0"]
[WhiteElo "2186"]
[BlackElo "2012"]
[PlyCount "95"]
[EventDate "2018.09.23"]
[EventType "team-tourn"]
[EventRounds "11"]
[EventCountry "HUN"]
[SourceTitle "CBM 189 Extra"]
[Source "ChessBase"]
[SourceDate "2019.06.03"]
[SourceVersion "1"]
[SourceVersionDate "2019.06.03"]
[SourceQuality "1"]
[WhiteTeam "Kazincbarcika"]
[BlackTeam "Nyiregyhaza"]
[WhiteTeamCountry "HUN"]
[BlackTeamCountry "HUN"]

1. c4 e5 2. Nc3 d6 3. g3 g6 4. Bg2 Bg7 5. d3 Ne7 6. e3 Nd7 7. Nge2 0-0 8. Rb1 a5 9. a3 c6 10. b4 axb4 11. axb4 Qc7 12. 0-0 f5 13. Qb3 Kh8 14. Ba3 Nf6 15. d4 Be6 16. Rfd1 b5 17. d5 bxc4 18. Qxc4 Bf7 19. Rb3 Rfc8 20. b5 c5 21. f3 Nd7 22. Bb2 Nb6 23. Qh4 Nexd5 24. Nxd5 Bxd5 25. Rbd3 Bc4 26. R3d2 Bxb5 27. Nc3 Ba4 28. Nxa4 Rxa4 29. f4 Nc4 30. fxe5 Nxb2 31. exd6 Qd7 32. Qe7 Rd8 33. Bc6 Qc8 34. d7 Qb8 35. Rxb2 Rb4 36. Rxb4 cxb4 37. Qe8+ Bf8 38. Ra1 Qc7 39. Ra8 Qd6 40. Rxd8 Qd1+ 41. Kf2 Qc2+ 42. Kf3 Qxc6+ 43. Kf4 g5+ 44. Ke5 Qc5+ 45. Kf6 Qc6+ 46. Qe6 Qc3+ 47. Qe5 Qc6+ 48. Kf7+ 1-0

[Event "HUN-chT2 Barcza 1516"]
[Site "Hungary"]
[Date "2016.02.14"]
[Round "7.3"]
[White "Szarvas, Peter"]
[Black "Bartha, Gabor"]
[Result "1-0"]
[WhiteElo "2180"]
[BlackElo "2000"]
[PlyCount "95"]
[EventDate "2015.09.13"]
[EventType "team-tourn"]
[EventRounds "11"]
[EventCountry "HUN"]
[SourceTitle "EXT 2017"]
[Source "ChessBase"]
[SourceDate "2016.10.25"]
[SourceVersion "1"]
[SourceVersionDate "2016.10.25"]
[SourceQuality "1"]
[WhiteTeam "Hajduszoboszlo"]
[BlackTeam "Tiszavasvar"]
[WhiteTeamCountry "HUN"]
[BlackTeamCountry "HUN"]

1. Nf3 d5 2. d4 Nf6 3. Bf4 e6 4. e3 Bd6 5. Ne5 Nfd7 6. Qg4 Nxe5 7. dxe5 Bf8 8. Nd2 h5 9. Qg3 Nc6 10. 0-0-0 Ne7 11. Bd3 c6 12. Bg5 Qc7 13. e4 Ng6 14. Nf3 d4 15. Nxd4 h4 16. Qe3 Nxe5 17. Be2 f6 18. Bf4 Bd6 19. g3 Bd7 20. Qb3 0-0-0 21. Nxe6 Bxe6 22. Qxe6+ Kb8 23. Kb1 hxg3 24. hxg3 Rxh1 25. Rxh1 g5 26. Be3 Qf7 27. Qxf7 Nxf7 28. Rh7 Ne5 29. c3 Rd7 30. Rh8+ Kc7 31. Bxa7 Nf7 32. Re8 b6 33. Bb8+ Kb7 34. Bxd6 Nxd6 35. Re6 Kc7 36. e5 fxe5 37. Rxe5 Nf7 38. Rf5 Nh6 39. Rxg5 Rd2 40. Rh5 Rxe2 41. Rxh6 Rxf2 42. a4 Rg2 43. Rg6 c5 44. Ka2 Kb7 45. Ka3 Ka6 46. Rg7 c4 47. g4 Ka5 48. Ra7# 1-0